Statistics for Biblical People Whose Names Begin With Z

Click here to take the quiz!

General Stats

  • This quiz has been taken 62 times
    (50 since last reset)
  • The average score is 6 of 15

Answer Stats

HintAnswer% Correct
Father of John the BaptistZechariah
79%
Old Testament Minor ProphetZephaniah
64%
Wife of Moses, Mother of Gershom & EliezerZipporah
64%
Short Tax-Collector who climbed a tree and became a follower of JesusZacchaeus
57%
The Father of James & John, two disciples of JesusZebedee
57%
Tenth Son of JacobZebulun
48%
Last King of JudahZedekiah
40%
Handmaid of Leah, Fourth Wife of Jacob, Mother of Gad & AsherZilpah
40%
Priest in the Time of David & SolomonZadok
31%
Lead the first group of Jews returning from Babylonian captivityZerubbabel
24%
Servant of King Saul, and later MephiboshethZiba
19%
Wife of HamanZeresh
12%
Joseph's Egyptian Name (Challenging)Zaphenath-paneah
7%
Son of Judah & Tamar, Twin Brother of PerezZerah
7%
One of Job's "Comforters"Zophar
5%

Score Distribution

Percentile by Number Answered

Percent of People with Each Score

Your Score History

You have not taken this quiz since the last reset